| 000 | 00459nam a2200193Ia 4500 | ||
|---|---|---|---|
| 005 | 20240823050617.0 | ||
| 008 | 240823s9999||||xx |||||||||||||| ||und|| | ||
| 041 | _aENGLISH | ||
| 082 | _A350 N4 | ||
| 100 | _aVidya Bhushan | ||
| 245 | 0 | _aPublic Administration | |
| 250 | _a6th-Re | ||
| 260 |
_c1994 _b"S Chand,New Delhi" |
||
| 500 | _aYES | ||
| 650 |
_aManagement _bManagement Studies |
||
| 700 | _a Vishnoo Bhagavan | ||
| 942 | _cBK | ||
| 999 |
_c217654 _d217654 |
||